00379cam a22001097a 4500008004000000082001700040100004100057245009000098260004100188300000900229700003100238180718b1987 xxu||||| |||| 00| 0 eng d aOA6x54 In2ec aIndia. National Committee on Tourism aNational Committee on Tourism on Economic Benefits of Tourismcby Ministry of Tourism aNew DelhibMinistry of Tourismc1987 a50p. aIndia. Ministry of Tourism